200 Most Famous Cities in Germany on a Map - Statistics

General Stats
  • This quiz has been taken 648 times
  • The average score is 96 of 209
Answers on the Map
Answers color-coded by a green-red scale on the quiz's map according to % correct below.
 
Answer Stats
Wiki Monthly Views Cityquiz Mention Rate Population Answers % Correct
588.13K 69.74% 3597.00K Berlin
98%
368.86K 58.75% 1478.64K Munich
97%
294.35K 47.76% 743.27K Frankfurt
95%
35.06K 6.56% 55.84K Frankfurt (Oder)
95%
331.97K 52.53% 1808.85K Hamburg
95%
262.99K 43.87% 1017.36K Cologne
93%
184.07K 32.57% 557.78K Dresden
93%
119.13K 31.23% 575.07K Bremen
92%
180.31K 31.84% 610.46K Stuttgart
92%
164.07K 32.22% 611.26K Düsseldorf
91%
176.51K 31.82% 598.90K Leipzig
91%
137.08K 29.05% 513.29K Hanover
90%
113.14K 34.26% 598.25K Dortmund
89%
170.58K 28.99% 522.55K Nuremberg
89%
80.67K 22.50% 571.04K Essen
88%
124.83K 22.23% 321.54K Bonn
85%
73.83K 21.38% 249.13K Kiel
85%
138.68K 17.33% 261.18K Aachen
83%
85.24K 15.40% 182.81K Potsdam
82%
53.57K 12.45% 179.30K Saarbrücken
82%
88.18K 16.93% 294.65K Augsburg
81%
104.59K 13.89% 233.04K Freiburg im Breisgau
81%
84.24K 12.67% 313.69K Mannheim
81%
16.08K 1.75% 40.10K Freiberg
80%
84.57K 16.78% 220.39K Mainz
80%
61.33K 15.92% 203.47K Rostock
80%
76.42K 13.07% 127.12K Ulm
80%
55.47K 10.79% 330.07K Bielefeld
79%
84.24K 13.23% 215.96K Lübeck
79%
95.07K 13.79% 303.77K Münster
77%
81.57K 10.27% 305.41K Karlsruhe
76%
68.49K 12.35% 241.52K Magdeburg
75%
44.36K 7.70% 354.29K Bochum
74%
52.24K 12.03% 501.42K Duisburg
74%
58.43K 9.93% 218.20K Erfurt
74%
67.58K 7.76% 240.08K Chemnitz
71%
35.46K 7.38% 118.13K Bremerhaven
69%
116.57K 8.57% 153.81K Heidelberg
69%
86.79K 8.70% 145.90K Regensburg
69%
98.50K 8.72% 102.73K Trier
69%
50.34K 8.03% 264.09K Mönchengladbach
68%
63.61K 14.09% 127.14K Wolfsburg
68%
54.40K 6.75% 356.77K Wuppertal
68%
56.22K 8.99% 264.13K Gelsenkirchen
67%
52.22K 8.01% 136.47K Ingolstadt
67%
49.85K 7.34% 110.37K Jena
67%
58.76K 10.01% 252.82K Braunschweig
66%
58.94K 6.61% 161.77K Darmstadt
66%
65.52K 7.15% 284.26K Wiesbaden
66%
55.65K 6.76% 86.44K Konstanz
65%
15.93K 1.34% 41.25K Schwäbisch Hall
65%
20.54K 7.48% 73.55K Brandenburg an der Havel
64%
63.46K 9.25% 195.01K Kassel
64%
39.27K 7.05% 172.76K Oldenburg
64%
52.95K 6.77% 164.90K Osnabrück
64%
57.83K 6.99% 112.96K Koblenz
63%
41.83K 7.75% 95.02K Flensburg
62%
45.66K 9.18% 166.36K Leverkusen
62%
62.44K 9.14% 55.89K Baden-Baden
61%
42.26K 5.49% 99.69K Kaiserslautern
61%
31.20K 5.56% 93.93K Cottbus
60%
40.18K 6.43% 96.45K Schwerin
60%
68.32K 7.77% 131.32K Würzburg
60%
64.76K 5.82% 65.49K Weimar
59%
57.07K 5.36% 124.55K Göttingen
58%
60.58K 7.31% 226.59K Halle
58%
24.24K 4.47% 130.13K Fürth
56%
39.32K 3.02% 84.99K Worms
56%
25.73K 3.50% 87.02K Zwickau
56%
34.36K 2.70% 112.22K Erlangen
55%
36.23K 6.24% 155.52K Paderborn
55%
29.93K 2.89% 230.67K Krefeld
54%
22.16K 3.25% 129.48K Offenbach am Main
54%
38.82K 3.27% 172.89K Ludwigshafen
53%
44.67K 6.18% 51.91K Passau
53%
20.75K 2.20% 93.12K Gera
52%
22.91K 3.21% 212.13K Oberhausen
52%
19.54K 3.30% 179.07K Hamm
51%
31.63K 2.37% 128.30K Heilbronn
51%
56.70K 4.42% 72.76K Bamberg
50%
44.36K 2.75% 90.50K Tübingen
50%
36.39K 3.45% 72.29K Bayreuth
49%
36.83K 2.02% 164.62K Solingen
49%
40.76K 2.93% 54.66K Görlitz
48%
45.72K 2.31% 28.17K Garmisch-Partenkirchen
47%
29.27K 2.76% 189.61K Hagen
47%
26.41K 2.08% 133.11K Pforzheim
47%
17.39K 2.67% 45.60K Hof
46%
19.61K 1.42% 110.90K Bergisch Gladbach
45%
31.02K 1.96% 97.72K Hildesheim
45%
18.45K 1.91% 153.08K Neuss
45%
19.82K 1.75% 116.92K Reutlingen
45%
25.08K 2.49% 102.28K Siegen
45%
34.44K 3.28% 54.00K Stralsund
44%
16.94K 1.76% 104.22K Salzgitter
43%
28.24K 3.97% 75.37K Wilhelmshaven
43%
26.00K 2.33% 71.69K Aschaffenburg
42%
28.97K 2.39% 93.63K Hanau
42%
34.54K 3.32% 72.87K Lüneburg
42%
20.33K 1.45% 171.44K Mülheim
42%
29.47K 3.33% 63.28K Rosenheim
42%
11.93K 0.99% 91.73K Witten
42%
36.48K 3.58% 64.69K Fulda
41%
23.60K 1.69% 91.81K Ludwigsburg
41%
16.05K 1.47% 115.22K Recklinghausen
41%
13.04K 1.71% 117.92K Bottrop
40%
20.55K 2.84% 49.74K Cuxhaven
40%
21.89K 3.19% 48.92K Emden
40%
17.52K 1.07% 94.44K Esslingen am Neckar
40%
26.15K 2.64% 87.22K Giessen
40%
15.49K 1.71% 155.45K Herne
40%
15.88K 2.05% 59.79K Neubrandenburg
40%
10.98K 1.55% 60.60K Neu-Ulm
40%
19.53K 0.78% 87.48K Villingen-Schwenningen
40%
26.47K 2.39% 61.78K Friedrichshafen
39%
42.83K 2.82% 72.77K Marburg
39%
22.01K 3.27% 49.90K Ravensburg
39%
13.41K 1.10% 113.74K Remscheid
39%
18.07K 3.65% 45.97K Dachau
38%
36.10K 2.43% 55.62K Greifswald
38%
32.96K 1.26% 49.48K Speyer
38%
29.10K 2.22% 42.76K Wismar
38%
19.18K 1.25% 99.34K Gütersloh
37%
21.74K 1.67% 65.05K Kempten
37%
21.47K 1.52% 58.30K Dessau
36%
78.95K 1.02% 1.41K Heligoland
36%
32.35K 2.26% 40.30K Coburg
35%
25.44K 2.11% 49.96K Heidenheim an der Brenz
35%
16.21K 1.26% 94.15K Düren
34%
24.58K 1.98% 67.88K Landshut
34%
23.61K 1.90% 25.39K Lindau
34%
11.61K 1.25% 100.47K Moers
34%
16.03K 1.15% 64.67K Plauen
34%
20.32K 1.86% 45.83K Gotha
33%
13.22K 1.35% 79.62K Neumünster
33%
19.48K 1.56% 62.22K Offenburg
33%
17.47K 2.01% 37.59K Saarlouis
33%
19.73K 1.88% 53.24K Schweinfurt
33%
34.64K 1.93% 45.01K Wittenberg
33%
18.29K 1.97% 67.14K Aalen
32%
27.35K 1.44% 47.43K Goslar
32%
24.51K 2.43% 43.30K Memmingen
32%
23.38K 2.49% 66.61K Celle
31%
30.69K 1.64% 39.93K Eisenach
31%
12.48K 0.95% 91.94K Iserlohn
31%
18.14K 1.37% 83.74K Minden
31%
16.15K 0.88% 52.78K Neustadt an der Weinstraße
31%
18.41K 2.31% 52.21K Kleve
30%
24.56K 1.88% 38.08K Bautzen
28%
46.99K 1.15% 7.61K Berchtesgaden
28%
16.72K 0.94% 49.54K Lörrach
28%
27.49K 1.27% 58.12K Hamelin
27%
22.00K 1.20% 15.30K Füssen
26%
10.10K 1.17% 42.89K Homburg
26%
20.55K 1.23% 28.49K Meissen
26%
47.72K 1.59% 11.34K Rothenburg ob der Tauber
26%
11.21K 1.20% 33.14K Zweibrücken
26%
14.37K 1.25% 47.61K Oranienburg
25%
18.89K 1.72% 39.60K Ansbach
24%
19.95K 0.97% 74.49K Detmold
24%
15.85K - 3.11K Hoffenheim
24%
17.18K 2.69% 35.62K Limburg an der Lahn
24%
10.48K 1.03% 76.34K Rheine
24%
14.67K 2.61% 24.95K Schleswig
24%
20.35K 0.81% 53.12K Wetzlar
24%
17.44K 1.27% 20.92K Xanten
24%
20.76K 0.73% 54.80K Bad Homburg
23%
15.32K 0.99% 47.73K Freising
23%
16.64K 0.94% 47.07K Landau
23%
15.83K 0.54% 51.75K Wolfenbüttel
23%
17.22K 0.49% 53.06K Bad Kreuznach
22%
14.44K 1.53% 39.95K Buxtehude
22%
12.60K 1.41% 38.56K Kehl
22%
14.19K 0.85% 40.73K Nordhausen
22%
15.42K 0.83% 64.52K Rüsselsheim am Main
22%
14.87K 1.54% 47.85K Stade
22%
15.09K 0.82% 35.41K Suhl
22%
20.62K 0.78% 4.47K Borkum
21%
14.23K 1.19% 23.63K Husum
21%
27.46K 0.67% 23.31K Quedlinburg
21%
21.07K 0.62% 13.29K Fehmarn
20%
23.85K 1.14% 9.21K Oberstdorf
20%
13.38K 1.03% 46.17K Straubing
20%
14.77K 2.27% 34.18K Leer
19%
11.22K 1.86% 36.43K Meppen
19%
19.72K 0.58% 24.67K Rottweil
19%
17.34K 1.57% 36.52K Sinsheim
19%
16.90K 0.63% 5.00K Cochem
18%
14.98K 0.92% 23.61K Eisenhüttenstadt
18%
15.17K 1.18% 46.45K Soest
18%
15.08K 0.81% 59.99K Wesel
18%
17.79K 1.89% 3.17K Dorf Mecklenburg
17%
17.62K 0.62% 17.14K Sigmaringen
16%
12.23K 0.99% 46.79K Singen
16%
18.85K 0.29% 28.44K Landsberg am Lech
15%
22.13K 0.57% 5.37K Norderney
15%
17.93K 0.59% 32.48K Wernigerode
15%
15.92K 0.55% 22.92K Bad Kissingen
13%
19.90K 0.39% 29.75K Idar-Oberstein
13%
16.64K 0.52% 12.26K Monschau
13%
31.27K 0.17% 1.38K Büsingen am Hochrhein
12%
16.06K 0.34% 39.97K Lemgo
12%
24.38K 0.41% 20.18K Nördlingen
12%
9.77K 1.28% 15.35K Sandhausen
12%
15.67K 0.45% 21.88K Donaueschingen
11%
52.49K 0.17% 7.70K Ramstein-Miesenbach
11%
26.13K 0.31% 23.75K Herzogenaurach
10%
17.00K 0.29% 0.33K Peenemünde
8%
26.45K - 2.06K Wewelsburg
2%
No matching quizzes found
Score Distribution
Percent of People with Each Score
Percentile by Number Answered
Your Score History
You have not taken this quiz